000 00338nam a2200133Ia 4500
008 240521s1980 xx 000 0 und d
020 _a0-673-38323-7
041 _aeng
082 _aT/330.9173'2
100 _aMILLS.E.S.,HAMILTON.B.W.
245 _aURBAN ECONOMICS IVTH ED.
260 _bSCIENTIFIC BOOK AGENCY
_c1980
300 _a461
999 _c1163585
_d1163585